| 000 | 00717cam a2200289 4500 | ||
|---|---|---|---|
| 001 | J88094 | ||
| 008 | 090401t1997 xxu||||| |||| 00| 0 eng d | ||
| 035 | _a(Sirsi) u82477 | ||
| 041 | _aeng | ||
| 050 | _a330.941 | ||
| 110 |
_aHillier Parker _92054 |
||
| 245 | _aEcono-Property monthly review. - February - June 1997; August - November 1997 | ||
| 260 |
_aLondon _bHillier Parker _c1997 |
||
| 300 | _a9 pt. ; 30cm. | ||
| 350 | _a0 | ||
| 650 | _aBALANCE OF PAYMENTS | ||
| 650 | _aECONOMY | ||
| 650 | _aGDP | ||
| 650 | _aGILTS | ||
| 650 | _aINFLATION | ||
| 650 | _aPRODUCER PRICES | ||
| 650 | _aPSBR | ||
| 650 | _aRETAIL SALES | ||
| 690 | _aECONOMIC AND SOCIAL | ||
| 942 | _n0 | ||
| 948 | _c02/12/1997 | ||
| 999 |
_c96785 _d96785 |
||